| 000 | 00892nam a2200289 a 4500 | ||
|---|---|---|---|
| 001 | 59834 | ||
| 003 | BD-RjUL | ||
| 005 | 20211209080755.0 | ||
| 008 | 161227s1978 ii 00100 eng d | ||
| 020 | _a0706904834 | ||
| 035 | _a(BD-RjUL) 59958 | ||
| 035 | _a1754622 | ||
| 040 |
_aCLONE _cNU _beng _dBD-RjUL |
||
| 041 | _aeng | ||
| 082 |
_223 _a309.154040954 _bCOH 1978 |
||
| 245 | 0 | 0 |
_aCohesion and conflict in modern India / _cedited by Giri Raj Gupta. |
| 260 |
_aNew Delhi : _bVikas, _cc1978. |
||
| 300 |
_axxii, 324 p. ; _c2 cm. |
||
| 500 | _aIncludes index. | ||
| 650 | 0 |
_aCaste _zIndia. _9171678 |
|
| 651 | 0 |
_aIndia _xSocial conditions. _9171720 |
|
| 651 | 0 |
_aIndia _xPolitics and government _y1947- _9173288 |
|
| 700 | 1 |
_aGupta, Giri Raj. _9178057 |
|
| 856 |
_3Main currents in Indian sociology ; _u3 |
||
| 942 |
_2ddc _cBK |
||
| 999 |
_c59834 _d59834 |
||